Cities Closest to Los Angeles - Statistics

General Stats
  • This quiz has been taken 29 times
  • The average score is 9 of 15
Answer Stats
Distance City % Correct
179 km San Diego
100%
559 km San Francisco
100%
368 km Las Vegas
83%
575 km Phoenix
83%
581 km Sacramento
83%
492 km San Jose
75%
707 km Tucson
67%
330 km Fresno
63%
1068 km Albuquerque
58%
204 km Tijuana
58%
932 km Salt Lake City
54%
600 km Mesa
42%
304 km Mexicali
25%
1137 km Ciudad Juárez
21%
884 km Hermosillo
13%
No matching quizzes found
Score Distribution
Percent of People with Each Score
Percentile by Number Answered
Your Score History
You have not taken this quiz